|
|
|
|
| LEADER |
00000nam2a2200000 4500 |
| 001 |
50473 |
| 005 |
20231031033114.0 |
| 035 |
|
|
|a (RuTPU)RU\TPU\book\52853
|
| 090 |
|
|
|a 50473
|
| 100 |
|
|
|a 20030416d2003 k y0rusy50 ca
|
| 101 |
0 |
|
|a rus
|
| 102 |
|
|
|a RU
|
| 105 |
|
|
|a y z 001zy
|
| 200 |
0 |
|
|a [Вып. 25]
|f под ред. О. В. Ошкордина
|
| 210 |
|
|
|d 2003
|
| 215 |
|
|
|a 124 с.
|
| 320 |
|
|
|a Библиогр.: с. 140
|
| 461 |
|
1 |
|0 (RuTPU)RU\TPU\book\146671
|t Совершенствование техники и технологии бурения скважин на твердые полезные ископаемые
|o межвузовский научный тематический сборник
|f Уральская государственная горно-геологическая академия (УГГГА)
|v [Вып. 25]
|d 1978-
|
| 610 |
1 |
|
|a геология
|
| 610 |
1 |
|
|a разведочное бурение
|
| 610 |
1 |
|
|a алмазное бурение
|
| 610 |
1 |
|
|a скважины
|
| 610 |
1 |
|
|a промывка
|
| 610 |
1 |
|
|a тампонаж
|
| 610 |
1 |
|
|a буровое оборудование
|
| 610 |
1 |
|
|a техника
|
| 610 |
1 |
|
|a технология
|
| 675 |
|
|
|a 550.822.7
|v 3
|
| 702 |
|
1 |
|a Ошкордин
|b О. В.
|4 340
|
| 801 |
|
1 |
|a RU
|b 63413507
|c 20030416
|g PSBO
|
| 801 |
|
2 |
|a RU
|b 63413507
|c 20150930
|g PSBO
|
| 942 |
|
|
|c BK
|